|
|
|
|
| LEADER |
00000nab a2200000 a 4500 |
| 001 |
vtls000824594 |
| 003 |
SK-MaSNL |
| 005 |
20260304113303.0 |
| 008 |
250429c2002 xo 0 slo |
| 015 |
|
|
|a SNBRB2003/02-04150
|
| 035 |
|
|
|a CLN000176249
|
| 035 |
|
|
|a urn:nbn:sk:snk-abag3z
|
| 035 |
|
|
|a (urnnbn)urn:nbn:sk:snk:ar-007qgf
|
| 035 |
|
|
|a (uuid)93f40d28-4c4f-4563-afd6-772d846538b8
|
| 040 |
|
|
|a SNKBUCL
|b slo
|c SNKBUCL
|e AACR2
|
| 041 |
0 |
|
|a slo
|
| 044 |
|
|
|a xo
|c SK
|
| 080 |
|
|
|a 616.311-002.7
|2 1997
|
| 245 |
0 |
0 |
|a Granulomatosis orofacialis u dvoch monozygotných dvojčiat
|c Kolibášová K. ... [et al.]
|
| 504 |
|
|
|a Res. angl., slov.
|
| 504 |
|
|
|a Bibliogr. odkazy
|
| 650 |
0 |
7 |
|a cheilitída granulomatózna
|2 snkbucl
|9 1416393
|
| 650 |
0 |
7 |
|a pera dolná
|x opuch
|2 snkbucl
|9 1416394
|
| 655 |
|
7 |
|a články z novín a časopisov
|2 snkbucl
|9 267496
|
| 700 |
1 |
|
|a Kolibášová, Klaudia,
|d 1944-
|4 aut
|9 208310
|
| 700 |
1 |
|
|a Hegyi, Eugen,
|d 1917-2011
|4 aut
|9 86356
|
| 700 |
1 |
|
|a Lukáčová, Z.
|4 aut
|9 1130314
|
| 700 |
1 |
|
|a Buc, Milan,
|d 1944-
|4 aut
|9 200548
|
| 700 |
1 |
|
|a Lukáčová, M.
|4 aut
|9 788299
|
| 700 |
1 |
|
|a Doležalová, Anna,
|c MUDr
|4 aut
|9 53890
|
| 700 |
1 |
|
|a Hrubiško, Martin
|4 aut
|9 196523
|
| 700 |
1 |
|
|a Ondriáš, F.
|4 aut
|9 1142159
|
| 773 |
0 |
|
|t Česko-slovenská dermatologie
|g Roč. 77, č. 4 (2002), s. 172-174
|x 0009-0514
|
| 850 |
|
|
|a Slovenská národná knižnica
|
| 852 |
|
|
|a Slovenská národná knižnica
|
| 954 |
|
|
|a odborná, vedecká literatúra pôvodná (slovenská)
|2 lita
|
| 958 |
|
|
|a article14
|
| 958 |
|
|
|a MI
|
| 958 |
|
|
|a NB
|
| 958 |
|
|
|a OND
|
| 958 |
|
|
|a EUIPO
|
| 999 |
|
|
|c 2868843
|d 2870773
|